Cizincem mezi svými / Rudolf Prostředník-Zacharias
Record details
- ISBN: 978-80-86057-49-1
- Physical Description: 189 s. : il., portréty, faksim. ; 22 cm
- Publisher: Středokluky : Zdeněk Susa, 2008
Search for related items by subject
| Genre: | autobiografické vzpomínky dokumenty autobiographical reminiscences documents |
Available copies
- 1 of 1 copy available at Common Catalog SPOK.
Holds
- 0 current holds with 1 total copy.
Show Only Available Copies
| Location | Call Number / Copy Notes | Barcode | Shelving Location | Status | Due Date |
|---|---|---|---|---|---|
| Jabok Library | VO-1.2.1/P | 424480023945 | Odborná literatura | Available | - |
| LDR | 02082nam a2200565 a 4500 | ||
|---|---|---|---|
| 001 | 1247 | ||
| 003 | CZ-PrJAB | ||
| 005 | 20160101150359.0 | ||
| 007 | ta | ||
| 008 | 080523s2008 xr ach e 000 1acze | ||
| 015 | . | ‡acnb001800261 | |
| 020 | . | ‡a978-80-86057-49-1 ‡q(váz.) | |
| 035 | . | ‡a(CZ PrNK)nkc20081800261 | |
| 035 | . | ‡a(OCoLC)237071517 | |
| 040 | . | ‡aABA001 ‡bcze ‡dOLA001 | |
| 043 | . | ‡ae-xr--- ‡ae-cs--- | |
| 045 | . | ‡ax1y0 | |
| 072 | 7. | ‡a323 ‡xVnitropolitický vývoj, politický život ‡2Konspekt ‡915 | |
| 072 | 7. | ‡a929 ‡xBiografie ‡2Konspekt ‡98 | |
| 080 | . | ‡a930.25-051 ‡2MRF | |
| 080 | . | ‡a323.28-051 ‡2MRF | |
| 080 | . | ‡a929 ‡2MRF | |
| 080 | . | ‡a321.74 ‡2MRF | |
| 080 | . | ‡a323.28 ‡2MRF | |
| 080 | . | ‡a(437.3) ‡2MRF | |
| 080 | . | ‡a(437) ‡2MRF | |
| 080 | . | ‡a(0:82-94) ‡2MRF | |
| 080 | . | ‡a(093) ‡2MRF | |
| 100 | 1 | . | ‡aProstředník-Zacharias, Rudolf, ‡d1921- ‡7mzk2008453341 ‡4aut |
| 245 | 1 | 0. | ‡aCizincem mezi svými / ‡cRudolf Prostředník-Zacharias |
| 260 | . | ‡aStředokluky : ‡bZdeněk Susa, ‡c2008 | |
| 300 | . | ‡a189 s. : ‡bil., portréty, faksim. ; ‡c22 cm | |
| 600 | 1 | 7. | ‡aProstředník-Zacharias, Rudolf, ‡d1921- ‡7mzk2008453341 ‡2czenas |
| 648 | 7. | ‡a1948-1968 ‡7ch460677 ‡2czenas | |
| 648 | 7. | ‡a1948-1989 ‡7ch460661 ‡2czenas | |
| 648 | 7. | ‡a20.-21. století ‡7ch462155 ‡2czenas | |
| 650 | 0 | 7. | ‡aarchiváři ‡7ph138712 ‡zČesko ‡y20.-21. století ‡2czenas |
| 650 | 0 | 7. | ‡apolitičtí vězni ‡7ph124262 ‡zČeskoslovensko ‡y1948-1968 ‡2czenas |
| 650 | 0 | 7. | ‡akomunistický režim ‡7ph114960 ‡zČeskoslovensko ‡2czenas |
| 650 | 0 | 7. | ‡apolitická perzekuce ‡7ph124236 ‡zČeskoslovensko ‡y1948-1989 ‡2czenas |
| 650 | 0 | 9. | ‡aarchivists ‡zCzechia ‡y20th-21st centuries ‡2eczenas |
| 650 | 0 | 9. | ‡apolitical prisoners ‡zCzechoslovakia ‡y1948-1968 ‡2eczenas |
| 650 | 0 | 9. | ‡acommunist regime ‡zCzechoslovakia ‡2eczenas |
| 650 | 0 | 9. | ‡apolitical persecution ‡zCzechoslovakia ‡y1948-1989 ‡2eczenas |
| 655 | 7. | ‡aautobiografické vzpomínky ‡7fd131854 ‡2czenas | |
| 655 | 7. | ‡adokumenty ‡7fd132064 ‡2czenas | |
| 655 | 9. | ‡aautobiographical reminiscences ‡2eczenas | |
| 655 | 9. | ‡adocuments ‡2eczenas | |
| 910 | . | ‡aABG312 | |
| 901 | . | ‡a1247 ‡bUnknown ‡c1247 ‡tbiblio | |